LEADER 00412oas 2200157z- 450 001 996534470303316 005 20161108174557.0 035 $a(CKB)1000000000499652 035 $a(EXLCZ)991000000000499652 100 $a20121018cuuuuuuuu -u- - 101 0 $aeng 200 $aEmployee Benefit News Canada 906 $aJOURNAL 912 $a996534470303316 996 $aEmployee Benefit News Canada$92313463 997 $aUNISA